Текст томруулах:    
Risk management in developing countries (Бичлэгийн дугаар. 146089)
000 -УДИРДЛАГА
Удирдлага 00933nam a22003137a 4500
003 - ХЯНАЛТЫН ТОО ТОДОРХОЙЛОГЧ
Код MN-UlNUM
005 - БИЧИЛТ ХИЙСЭН ОГНОО
Тухайн бичилтийг бичсэн засварласан сүүлийн огноо 20260105093427.0
008 - ЕРӨНХИЙ МЭДЭЭЛЭЛ
Ерөнхий мэдээлэл 260105s1993 dcuabi|| |||| 00| 0 eng |
020 ## - ISBN
ISBN 0821326686
040 ## - БИЧЛЭГ ҮҮСГЭГЧ БАЙГУУЛЛАГА
Бичлэг үүсгэгч номын сангийн код МУИС-ийн номын сан
084 ## - ББК АНГИЛАЛ
Нэмэлт тусгалт Гарын авлага
ББК ангилал 65.261
Зохиогчийн гурван тэмдэгт C 59
Мэдлэгийн ялгаа 65 - Эдийн засаг
100 1# - ЗОХИОГЧ
Зохиогчийн нэр Claessens, Stijn.
245 10 - ҮНДСЭН ГАРЧИГ
Номын нэр Risk management in developing countries
Оролцогчдын тухай мэдээ Stijn Claessens.
260 ## - ГАРАЛТЫН МЭДЭЭ
Хэвлэгдсэн газар Washington, D.C. :
Хэвлэлийн газар World Bank,
Хэвлэгдсэн он 1993.
300 ## - МАТЕРИАЛЫН ТОДОРХОЙЛОЛТ
хуудасны тоо vii, 77 p. :
Бусад тоон мэдээлэл ill. ;
Хэмжээ 28 cm.
500 ## - Тайлбар
Дансны дугаар БС 4823
546 ## - ХЭЛНИЙ ТУХАЙ МЭДЭЭ
Хэл Англи хэл дээр,
653 ## - Түлхүүр үг
Түлхүүр үг financial futures
653 ## - Түлхүүр үг
Түлхүүр үг developing countries.
653 ## - Түлхүүр үг
Түлхүүр үг risk management
653 ## - Түлхүүр үг
Түлхүүр үг hedging (Finance)
740 ## - НОМЫН ГАРЧИГ
Гарчиг What is Risk management?
740 ## - НОМЫН ГАРЧИГ
Гарчиг Risky economic environment
740 ## - НОМЫН ГАРЧИГ
Гарчиг The theory of Risk management
740 ## - НОМЫН ГАРЧИГ
Гарчиг Modern techniques and tools
942 ## - ЭЛЕМЕНТИЙН ТӨРӨЛ
Зүйлийн төрөл Ном